[Event "Bad Pyrmont Pape op-B 2nd"]
[Site "Bad Pyrmont"]
[Date "2023.08.11"]
[Round "2"]
[White "Kraeft, Tom"]
[Black "Glaschak, Joachim"]
[Result "1-0"]
[WhiteElo "1640"]
[BlackElo "1447"]
[PlyCount "61"]
[EventDate "2023.08.10"]
[EventType "swiss"]
[EventRounds "7"]
[EventCountry "GER"]
[SourceTitle "EXT 2024"]
[Source "ChessBase"]
[SourceDate "2023.10.10"]
[SourceVersion "1"]
[SourceVersionDate "2023.10.10"]
[SourceQuality "1"]

1. Nf3 d5 2. e3 Bf5 3. c4 e6 4. Qb3 b6 5. Nc3 c6 6. d4 h6 7. cxd5 exd5 8. Bd2 Nf6 9. Rc1 Ne4 10. Nxe4 Bxe4 11. Ne5 Qf6 12. Nxc6 Bd6 13. f3 Bf5 14. Nxb8 Rxb8 15. Bb5+ Ke7 16. Qxd5 Qh4+ 17. Ke2 Be6 18. Qe4 Qg5 19. Bc4 Qxg2+ 20. Kd3 Qg6 21. Qxg6 fxg6 22. Bxe6 Kxe6 23. e4 g5 24. d5+ Kd7 25. Bc3 Rhg8 26. e5 Bc5 27. Bd4 Bxd4 28. Kxd4 Rgf8 29. e6+ Ke7 30. Rc7+ Kd6 31. Rd7# 1-0

[Event "Bad Pyrmont Pape op-B 2nd"]
[Site "Bad Pyrmont"]
[Date "2023.08.10"]
[Round "1"]
[White "Glaschak, Joachim"]
[Black "Wahl, Bernhard"]
[Result "1-0"]
[WhiteElo "1447"]
[BlackElo "1805"]
[PlyCount "75"]
[EventDate "2023.08.10"]
[EventType "swiss"]
[EventRounds "7"]
[EventCountry "GER"]
[SourceTitle "EXT 2024"]
[Source "ChessBase"]
[SourceDate "2023.10.10"]
[SourceVersion "1"]
[SourceVersionDate "2023.10.10"]
[SourceQuality "1"]

1. d4 d5 2. Bf4 c5 3. e3 cxd4 4. exd4 Nc6 5. c3 e6 6. Nf3 f6 7. Bb5 Qb6 8. Qb3 Bd7 9. Nbd2 a6 10. Be2 Qxb3 11. axb3 Nge7 12. 0-0 Ng6 13. Bg3 e5 14. dxe5 Ncxe5 15. Rfe1 Be7 16. Nxe5 Nxe5 17. Nf3 Nc6 18. b4 b5 19. Rad1 Be6 20. Bxb5 axb5 21. Rxe6 Kd7 22. Re2 Ne5 23. Nxe5+ fxe5 24. Bxe5 Rhg8 25. Rxd5+ Ke6 26. Rd1 Kf7 27. g3 Rge8 28. Rde1 g6 29. Bd4 g5 30. Bc5 Bxc5 31. Rxe8 Rxe8 32. Rxe8 Kxe8 33. bxc5 Kd7 34. f4 Kc6 35. b4 h6 36. Kf2 Kd7 37. Kf3 gxf4 38. Kxf4 1-0

[Event "Niedersachsen-ch op-C"]
[Site "Verden an der Aller"]
[Date "2020.01.04"]
[Round "6"]
[White "Hornstein, Leonhard Orell"]
[Black "Glaschak, Joachim"]
[Result "1-0"]
[WhiteElo "1131"]
[BlackElo "1427"]
[PlyCount "45"]
[EventDate "2020.01.02"]
[EventType "swiss"]
[EventRounds "7"]
[EventCountry "GER"]
[SourceTitle "EXT 2023"]
[Source "ChessBase"]
[SourceDate "2022.10.05"]
[SourceVersion "1"]
[SourceVersionDate "2022.10.05"]
[SourceQuality "1"]

1. d4 d5 2. Nc3 Nf6 3. Bf4 a6 4. e3 e6 5. Bd3 Bd6 6. Nf3 Bxf4 7. exf4 Nbd7 8. Ne5 c6 9. g4 Nxe5 10. fxe5 Nd7 11. Ne2 c5 12. c3 c4 13. Bc2 h5 14. Nf4 h4 15. Qd2 Qb6 16. 0-0-0 a5 17. g5 g6 18. Nxg6 fxg6 19. Bxg6+ Kd8 20. Bf7 Rh7 21. g6 Rg7 22. Qh6 Rxf7 23. gxf7 1-0

[Event "Niedersachsen-ch op-C"]
[Site "Verden an der Aller"]
[Date "2020.01.03"]
[Round "4"]
[White "Von Knobloch, Trutz"]
[Black "Glaschak, Joachim"]
[Result "0-1"]
[WhiteElo "1218"]
[BlackElo "1427"]
[PlyCount "120"]
[EventDate "2020.01.02"]
[EventType "swiss"]
[EventRounds "7"]
[EventCountry "GER"]
[SourceTitle "EXT 2023"]
[Source "ChessBase"]
[SourceDate "2022.10.05"]
[SourceVersion "1"]
[SourceVersionDate "2022.10.05"]
[SourceQuality "1"]

1. d4 d5 2. c4 c6 3. Nc3 Nf6 4. Bf4 e6 5. e3 Bd6 6. Be5 Bxe5 7. dxe5 Nfd7 8. Nf3 Qc7 9. cxd5 exd5 10. Qd4 0-0 11. Bd3 h6 12. Rc1 Re8 13. Nxd5 Qa5+ 14. Nc3 Nxe5 15. Nxe5 Qxe5 16. Qxe5 Rxe5 17. 0-0 Nd7 18. Ne4 Re7 19. Rfd1 Ne5 20. Bb1 Be6 21. Nc5 b6 22. Nxe6 Rxe6 23. Rd2 g6 24. h3 c5 25. b3 Rc8 26. Rcd1 Nc6 27. Rd6 Rce8 28. Rxe6 Rxe6 29. Bd3 Rd6 30. Kf1 Nb4 31. Ke2 Nxa2 32. Ra1 Nb4 33. Bc4 a5 34. f4 Kf8 35. Rd1 Rxd1 36. Kxd1 Ke7 37. e4 f6 38. g4 Nc6 39. Kd2 Nd4 40. Kc3 b5 41. Bd3 g5 42. f5 Kd6 43. Kd2 Nxb3+ 44. Ke3 c4 45. Bc2 Na1 46. Bd1 Ke5 47. Be2 a4 48. Kd2 Kxe4 49. Kc3 Ke3 50. Bxc4 bxc4 51. Kxc4 Nc2 52. Kc3 Nd4 53. Kb4 Kf3 54. Kxa4 Kg3 55. Kb4 Kxh3 56. Kc4 Nf3 57. Kd5 Kxg4 58. Ke6 Nd4+ 59. Kxf6 Nxf5 60. Kg6 h5 0-1

[Event "Niedersachsen-ch op-C"]
[Site "Verden an der Aller"]
[Date "2020.01.02"]
[Round "1"]
[White "Glaschak, Joachim"]
[Black "Fischer, Joschua"]
[Result "0-1"]
[WhiteElo "1427"]
[BlackElo "1046"]
[PlyCount "96"]
[EventDate "2020.01.02"]
[EventType "swiss"]
[EventRounds "7"]
[EventCountry "GER"]
[SourceTitle "EXT 2023"]
[Source "ChessBase"]
[SourceDate "2022.10.05"]
[SourceVersion "1"]
[SourceVersionDate "2022.10.05"]
[SourceQuality "1"]

1. d4 d5 2. Nc3 Bf5 3. Bf4 Nc6 4. a3 Nf6 5. Nb5 Rc8 6. f3 e6 7. g4 Bg6 8. h4 h6 9. h5 Bh7 10. e3 Bd6 11. Nxd6+ cxd6 12. Bd3 Bxd3 13. Qxd3 e5 14. Bg3 exd4 15. exd4 Qe7+ 16. Kd2 0-0 17. Re1 Qd7 18. Bh4 Qd8 19. Ne2 Qb6 20. Bxf6 gxf6 21. Rb1 Rfe8 22. c3 Re7 23. b4 Rce8 24. Rhe1 a5 25. b5 Nd8 26. a4 Ne6 27. Qf5 Kg7 28. Qxd5 Ng5 29. Ng1 Qc7 30. Qb3 b6 31. Rbd1 Qb7 32. d5 Re5 33. c4 Qc7 34. Rxe5 Rxe5 35. Ne2 Qc5 36. Re1 Qf2 37. Kd1 Nxf3 38. Qc3 Nxe1 39. Qxe1 Qxe1+ 40. Kxe1 Re4 41. Kf2 Rxg4 42. Ng3 Rxc4 43. Nf5+ Kh7 44. Nxd6 Rxa4 45. Nc8 Rb4 46. Nxb6 Rxb5 47. Nd7 Kg7 48. d6 a4 0-1

[Event "Hannover Bezirks-ch C"]
[Site "Lehrte"]
[Date "2019.10.06"]
[Round "7.7"]
[White "Glaschak, Joachim"]
[Black "Margaryan, Venera"]
[Result "0-1"]
[WhiteElo "1360"]
[BlackElo "1222"]
[PlyCount "72"]
[EventDate "2019.10.03"]
[EventType "swiss"]
[EventRounds "7"]
[EventCountry "GER"]
[SourceTitle "EXT 2023"]
[Source "ChessBase"]
[SourceDate "2022.10.05"]
[SourceVersion "1"]
[SourceVersionDate "2022.10.05"]
[SourceQuality "1"]

1. d4 d5 2. Nc3 c6 3. Bf4 Bf5 4. f3 Nf6 5. g4 Bg6 6. h4 h6 7. h5 Bh7 8. e3 e6 9. Bd3 Bxd3 10. Qxd3 Bd6 11. Nge2 Qe7 12. Bxd6 Qxd6 13. 0-0-0 Nbd7 14. e4 dxe4 15. Nxe4 Nxe4 16. fxe4 0-0-0 17. e5 Qe7 18. Kb1 Nxe5 19. Qg3 Nc4 20. Rd3 Qd6 21. Qf2 Qb4 22. Rb3 Nd2+ 23. Ka1 Nxb3+ 24. axb3 Qd2 25. c3 Rd5 26. b4 a5 27. Qxf7 Qxe2 28. Qxg7 Rdd8 29. bxa5 Rdg8 30. Qf6 Qxg4 31. Re1 Qf5 32. Qe7 Qxa5+ 33. Kb1 Qc7 34. Qxe6+ Qd7 35. Qa2 Qf5+ 36. Ka1 Kd7 0-1

[Event "Hannover Bezirks-ch C"]
[Site "Lehrte"]
[Date "2019.10.03"]
[Round "2.5"]
[White "Glaschak, Joachim"]
[Black "Kappus, Joachim"]
[Result "1/2-1/2"]
[WhiteElo "1360"]
[BlackElo "1307"]
[PlyCount "48"]
[EventDate "2019.10.03"]
[EventType "swiss"]
[EventRounds "7"]
[EventCountry "GER"]
[SourceTitle "EXT 2023"]
[Source "ChessBase"]
[SourceDate "2022.10.05"]
[SourceVersion "1"]
[SourceVersionDate "2022.10.05"]
[SourceQuality "1"]

1. d4 d5 2. Nc3 Nc6 3. Bf4 Bf5 4. a3 a6 5. e3 e6 6. Bd3 Bxd3 7. Qxd3 Bd6 8. Nf3 Bxf4 9. exf4 Nf6 10. 0-0 0-0 11. Ne5 Nxe5 12. fxe5 Nd7 13. b4 c6 14. Ne2 b5 15. f4 g6 16. Rf3 Kh8 17. Rh3 Rg8 18. Ng3 Rg7 19. Qc3 Rc8 20. Nf1 Nb6 21. Ne3 Nc4 22. Ng4 Nb6 23. Rh6 Nd7 24. Rf1 f5 1/2-1/2

[Event "Langenhagen-ch op"]
[Site "Langenhagen"]
[Date "2019.08.17"]
[Round "4"]
[White "Glaschak, Joachim"]
[Black "Moseler, Thomas"]
[Result "0-1"]
[WhiteElo "1311"]
[BlackElo "1599"]
[PlyCount "112"]
[EventDate "2019.05.25"]
[EventType "swiss"]
[EventRounds "7"]
[EventCountry "GER"]
[SourceTitle "EXT 2023"]
[Source "ChessBase"]
[SourceDate "2022.10.05"]
[SourceVersion "1"]
[SourceVersionDate "2022.10.05"]
[SourceQuality "1"]

1. d4 Nf6 2. Nc3 d5 3. Bf4 a6 4. e3 g6 5. Nf3 Bg7 6. h3 0-0 7. Be2 b6 8. 0-0 c5 9. Qd2 Nc6 10. Ne5 Bb7 11. Rab1 cxd4 12. Nxc6 Bxc6 13. exd4 b5 14. Bf3 e6 15. Rfe1 Rc8 16. a3 Re8 17. Be5 Nd7 18. Bxg7 Kxg7 19. Ne2 Nb6 20. b3 Bb7 21. c3 Re7 22. Qf4 Rec7 23. Rec1 Qe7 24. Ra1 Nd7 25. a4 Bc6 26. axb5 Bxb5 27. Qd2 Nf6 28. Qe3 Qd6 29. Rc2 Qb6 30. Rac1 a5 31. Nf4 Bd7 32. Nd3 Qxb3 33. Nc5 Qb6 34. Qe1 Ra7 35. Rb1 Qc7 36. Rcb2 Bc6 37. Rb6 Nd7 38. Nxd7 Qxd7 39. Qe5+ Kg8 40. Rb8 Ra8 41. Be2 Raxb8 42. Rxb8 Rxb8 43. Qxb8+ Kg7 44. Bd1 Qb7 45. Qxb7 Bxb7 46. Ba4 Ba6 47. f4 h5 48. g4 hxg4 49. hxg4 f6 50. Kf2 g5 51. Bd7 Kf7 52. f5 exf5 53. gxf5 Ke7 54. Bc6 Kd6 55. Ba4 Bd3 56. Bb3 Bxf5 0-1

[Event "Niedersachsen-ch op C"]
[Site "Verden"]
[Date "2019.01.04"]
[Round "3"]
[White "Mill, Bernd"]
[Black "Glaschak, Joachim"]
[Result "1/2-1/2"]
[WhiteElo "932"]
[BlackElo "1368"]
[PlyCount "67"]
[EventDate "2019.01.03"]
[EventType "swiss"]
[EventRounds "7"]
[EventCountry "GER"]
[SourceTitle "EXT 2022"]
[Source "ChessBase"]
[SourceDate "2021.10.06"]
[SourceVersion "1"]
[SourceVersionDate "2021.10.06"]
[SourceQuality "1"]

1. e4 c5 2. Bc4 Nc6 3. Nf3 d6 4. 0-0 Nf6 5. Nc3 Bg4 6. Bb5 Rc8 7. Qe2 e6 8. d3 h6 9. h3 Bh5 10. Be3 Be7 11. a3 0-0 12. Bxc6 Rxc6 13. g4 Bg6 14. Nh4 Bh7 15. f4 Nxg4 16. Qxg4 Bxh4 17. Bf2 Bf6 18. Kg2 g6 19. f5 h5 20. Qg3 exf5 21. exf5 a6 22. Ne4 Bxb2 23. Rab1 Be5 24. Qg5 Qxg5+ 25. Nxg5 b5 26. Bg3 Bxg3 27. Kxg3 Re8 28. Rbe1 Rcc8 29. Ne4 Red8 30. Nf6+ Kg7 31. Nxh7 Kxh7 32. Re7 Kg7 33. fxg6 Kxg6 34. Rexf7 1/2-1/2

[Event "Hannover Bezirk-ch C"]
[Site "Hannover"]
[Date "2018.10.04"]
[Round "1.5"]
[White "Flauss, Jessica"]
[Black "Glaschak, Joachim"]
[Result "1/2-1/2"]
[WhiteElo "1627"]
[BlackElo "1433"]
[PlyCount "57"]
[EventDate "2018.10.04"]
[EventType "swiss"]
[EventRounds "7"]
[EventCountry "GER"]
[SourceTitle "EXT 2022"]
[Source "ChessBase"]
[SourceDate "2021.10.06"]
[SourceVersion "1"]
[SourceVersionDate "2021.10.06"]
[SourceQuality "1"]

1. e4 c6 2. d4 d5 3. e5 Bf5 4. Be2 e6 5. Nf3 h6 6. Nbd2 c5 7. c3 Nd7 8. 0-0 a6 9. a4 Ne7 10. Nh4 cxd4 11. cxd4 Bh7 12. f4 Nc6 13. Nhf3 Be7 14. Nb3 0-0 15. Bd3 Bxd3 16. Qxd3 Nb4 17. Qe2 Rc8 18. Bd2 Nb6 19. Nc5 a5 20. Nxb7 Qd7 21. Nxa5 Nxa4 22. b3 Nb6 23. Ne1 Rc7 24. Qg4 Ra8 25. Qg3 Nc6 26. Nc2 Nxa5 27. Bxa5 Rxc2 28. Bxb6 Qb7 29. Rxa8+ 1/2-1/2

[Event "Hannover Bezirk-ch C"]
[Site "Hannover"]
[Date "2018.10.04"]
[Round "2.6"]
[White "Glaschak, Joachim"]
[Black "Schmerse, Joachim"]
[Result "1-0"]
[WhiteElo "1433"]
[BlackElo "1566"]
[PlyCount "89"]
[EventDate "2018.10.04"]
[EventType "swiss"]
[EventRounds "7"]
[EventCountry "GER"]
[SourceTitle "EXT 2022"]
[Source "ChessBase"]
[SourceDate "2021.10.06"]
[SourceVersion "1"]
[SourceVersionDate "2021.10.06"]
[SourceQuality "1"]

1. d4 e6 2. c4 Nf6 3. Nc3 d5 4. cxd5 exd5 5. a3 Bf5 6. Nf3 c6 7. Bf4 Bd6 8. Bxd6 Qxd6 9. h3 h6 10. e3 Nbd7 11. Bd3 Ne4 12. Qc2 Ndf6 13. g4 Bh7 14. Ne5 Nxc3 15. Bxh7 Nxh7 16. Qxc3 Nf6 17. Qc5 Qc7 18. f3 Nd7 19. Nxd7 Qxd7 20. Rc1 g5 21. h4 f6 22. hxg5 fxg5 23. Qc2 Qe6 24. Qb3 Rb8 25. e4 Kd7 26. e5 Qf7 27. Rc3 Qf4 28. Rh3 Qxd4 29. Re3 Qc5 30. Rh2 Ke6 31. Rc2 Qb6 32. Qd3 Ke7 33. b4 Rhf8 34. Rce2 a6 35. Qg6 Qc7 36. Rh2 Qb6 37. Qd6+ Ke8 38. Qxb8+ Kf7 39. e6+ Ke7 40. Qe5 Rf6 41. Qc3 d4 42. Qd3 dxe3 43. Qd7+ Kf8 44. e7+ Kg7 45. e8Q+ 1-0

[Event "Harburg-chG 13th"]
[Site "Hamburg"]
[Date "2018.08.05"]
[Round "4"]
[White "Glaschak, Joachim"]
[Black "Lohmann, Rene Alexander"]
[Result "1-0"]
[WhiteElo "1433"]
[BlackElo "1336"]
[PlyCount "53"]
[EventDate "2018.08.03"]
[EventType "tourn"]
[EventRounds "5"]
[EventCountry "GER"]
[SourceTitle "EXT 2019"]
[Source "ChessBase"]
[SourceDate "2018.10.10"]
[SourceVersion "1"]
[SourceVersionDate "2018.10.10"]
[SourceQuality "1"]

1. d4 e6 2. c4 Nf6 3. a3 c5 4. dxc5 Bxc5 5. e3 0-0 6. b4 Bb6 7. Nf3 d6 8. Be2 Nc6 9. 0-0 a5 10. b5 Ne7 11. a4 Ng6 12. Bb2 Ne4 13. Bd3 Nc5 14. Bc2 Qe7 15. Nbd2 Bd8 16. Ne4 Nxe4 17. Bxe4 Qc7 18. Rc1 Be7 19. Rc2 Bd7 20. Qa1 e5 21. Rfc1 Rac8 22. h3 Qb8 23. Bxg6 hxg6 24. e4 Rc7 25. Nxe5 dxe5 26. Bxe5 Rfc8 27. b6 1-0

[Event "Harburg-chG 13th"]
[Site "Hamburg"]
[Date "2018.08.03"]
[Round "1"]
[White "Glaschak, Joachim"]
[Black "Rennkamp, Johannes"]
[Result "1-0"]
[WhiteElo "1433"]
[BlackElo "1206"]
[PlyCount "59"]
[EventDate "2018.08.03"]
[EventType "tourn"]
[EventRounds "5"]
[EventCountry "GER"]
[SourceTitle "EXT 2019"]
[Source "ChessBase"]
[SourceDate "2018.10.10"]
[SourceVersion "1"]
[SourceVersionDate "2018.10.10"]
[SourceQuality "1"]

1. d4 d5 2. c4 e6 3. e3 Nf6 4. a3 b6 5. b4 a5 6. bxa5 bxa5 7. Nf3 Ba6 8. Nbd2 c5 9. Be2 dxc4 10. Nxc4 Nc6 11. Bb2 Rb8 12. Qc2 cxd4 13. Nxd4 Nxd4 14. Bxd4 Rc8 15. 0-0 Bxc4 16. Bxc4 Qc7 17. Qa4+ Nd7 18. Rfc1 Kd8 19. Qd1 h5 20. Bxe6 Qxc1 21. Rxc1 Rxc1 22. Qxc1 fxe6 23. Qd2 Bd6 24. Bxg7 Rh7 25. Qxd6 Rxg7 26. Qxe6 Re7 27. Qg8+ Kc7 28. Qc4+ Kd8 29. h3 Ne5 30. Qd5+ 1-0

[Event "Hannover Bezirks op"]
[Site "Hannover"]
[Date "2018.04.21"]
[Round "6.10"]
[White "Glaschak, Joachim"]
[Black "Piotrowski, Jan"]
[Result "1-0"]
[WhiteElo "1433"]
[BlackElo "1456"]
[PlyCount "117"]
[EventDate "2018.01.27"]
[EventType "swiss"]
[EventRounds "7"]
[EventCountry "GER"]
[SourceTitle "EXT 2022"]
[Source "ChessBase"]
[SourceDate "2021.10.06"]
[SourceVersion "1"]
[SourceVersionDate "2021.10.06"]
[SourceQuality "1"]

1. d4 Nf6 2. c4 g6 3. Bf4 Bg7 4. e3 0-0 5. h3 d6 6. Nf3 Nbd7 7. Nc3 c5 8. d5 Qb6 9. Qc2 Re8 10. e4 Nh5 11. Bd2 e5 12. Be2 Nhf6 13. 0-0 Qc7 14. Nb5 Qb8 15. Nh2 a6 16. Nc3 Nb6 17. b3 Bd7 18. Qd3 h6 19. g4 Nh7 20. f3 f6 21. Rf2 Rf8 22. Be3 Qc7 23. f4 Rae8 24. f5 g5 25. Qd2 Nc8 26. Nf3 b5 27. h4 bxc4 28. hxg5 fxg5 29. Bxc4 a5 30. Nb5 Bxb5 31. Bxb5 Rd8 32. Rg2 Na7 33. Bc4 Qb6 34. a4 Ra8 35. Kf2 Nf6 36. Qd3 Rab8 37. Rh1 Nh7 38. Rgh2 Qd8 39. Kg3 Kf7 40. Qd2 Nf6 41. Qd3 Rh8 42. Qc2 Qb6 43. Rh3 Rbf8 44. R1h2 Qb4 45. Bd2 Qb6 46. Bd3 Rb8 47. Bc4 Rbf8 48. Bc3 Ra8 49. Qd3 Qc7 50. Nd2 Rh7 51. Bxe5 Qe7 52. Bb2 Rah8 53. e5 Ng8 54. f6 Nxf6 55. exf6 Bxf6 56. Rf2 Qe1 57. Bxf6 Qg1+ 58. Kf3 Rf8 59. Qxh7+ 1-0

[Event "Hannover Bezirk-ch A"]
[Site "Lehrte"]
[Date "2017.10.28"]
[Round "2.10"]
[White "Glaschak, Joachim"]
[Black "Wengorsch, Fenja"]
[Result "1/2-1/2"]
[WhiteElo "1433"]
[BlackElo "1053"]
[PlyCount "82"]
[EventDate "2017.10.??"]
[EventType "swiss"]
[EventRounds "7"]
[EventCountry "GER"]
[SourceTitle "EXT 2022"]
[Source "ChessBase"]
[SourceDate "2021.10.06"]
[SourceVersion "1"]
[SourceVersionDate "2021.10.06"]
[SourceQuality "1"]

1. d4 d5 2. Nf3 Nf6 3. Bg5 Bg4 4. Nbd2 e6 5. h3 Bf5 6. e3 Nc6 7. a3 h6 8. Bf4 Bd6 9. Bxd6 Qxd6 10. b4 0-0 11. c4 a6 12. c5 Qd7 13. Be2 Ne7 14. Ne5 Qe8 15. g4 Bh7 16. f3 Nd7 17. Nxd7 Qxd7 18. 0-0 c6 19. Rf2 Qc7 20. Rg2 Ng6 21. Qe1 Rae8 22. h4 Rd8 23. h5 Ne7 24. g5 hxg5 25. Rxg5 f6 26. Rg2 Nf5 27. Nf1 Rde8 28. f4 Kf7 29. Qf2 Ke7 30. Bg4 Kd8 31. Bxf5 Bxf5 32. Ng3 Bg4 33. Rh2 Rh8 34. Rh4 Bf5 35. Nxf5 exf5 36. Re1 Qf7 37. Qf3 Rh6 38. Kf2 Reh8 39. Reh1 Qe8 40. Qg3 Qf7 41. Qf3 R8h7 1/2-1/2

[Event "Daehne Cup Region 17/18 Vorrunde I+"]
[Site "Bissendorf"]
[Date "2017.09.08"]
[Round "3.1"]
[White "Glaschak, Joachim"]
[Black "Nagel, Detlev"]
[Result "1/2-1/2"]
[WhiteElo "1371"]
[BlackElo "1544"]
[PlyCount "140"]
[EventDate "2017.08.??"]
[EventType "swiss"]
[EventCountry "GER"]
[SourceTitle "EXT 2022"]
[Source "ChessBase"]
[SourceDate "2021.10.06"]
[SourceVersion "1"]
[SourceVersionDate "2021.10.06"]
[SourceQuality "1"]

1. d4 Nf6 2. Nc3 d5 3. Bf4 Bd7 4. e3 a6 5. Bd3 e6 6. a3 b5 7. b4 c6 8. e4 dxe4 9. Nxe4 Nd5 10. Nd6+ Bxd6 11. Bxd6 a5 12. Ne2 Bc8 13. Bxb8 Rxb8 14. c3 Qh4 15. Qd2 f5 16. c4 bxc4 17. Bxc4 axb4 18. Bxd5 cxd5 19. axb4 Qe7 20. Rb1 Ba6 21. f3 0-0 22. Kf2 Rfc8 23. Rhe1 Bxe2 24. Qxe2 Rb6 25. b5 Qh4+ 26. Kg1 Qxd4+ 27. Kh1 Qf6 28. Rec1 Qd8 29. Qe3 Rcb8 30. Rc5 Qd7 31. h3 Qd6 32. Rbc1 f4 33. Qa3 Qd8 34. Qb2 Qe8 35. Rc7 e5 36. Qa2 Rd8 37. Qa7 Rg6 38. R1c6 Ra8 39. Qc5 Rxc6 40. Rxc6 d4 41. Qd5+ Kh8 42. Re6 Qf8 43. Qxe5 Rd8 44. Qe4 d3 45. Qe1 d2 46. Qd1 Qf5 47. Qxd2 Rb8 48. Rd6 Qg5 49. Rd4 h6 50. Qxf4 Qxb5 51. Rd1 Rb6 52. Rd8+ Kh7 53. Qe4+ Rg6 54. Rh8+ Kxh8 55. Qxg6 Qe5 56. Qb1 h5 57. Qc1 Kh7 58. Qc2+ g6 59. Qe4 Qa1+ 60. Kh2 Qf6 61. Qb7+ Kh6 62. Qa7 Qf4+ 63. Kh1 h4 64. Qf2 Kg5 65. Qc5+ Kh6 66. Qc8 Qf6 67. Qc1+ g5 68. Qe3 Qf7 69. Qb6+ Kg7 70. Qb2+ Qf6 1/2-1/2

[Event "Langenhagen-ch op"]
[Site "Langenhagen"]
[Date "2017.08.26"]
[Round "3"]
[White "Glaschak, Joachim"]
[Black "Braun, Alexander"]
[Result "0-1"]
[WhiteElo "1335"]
[BlackElo "1646"]
[PlyCount "36"]
[EventDate "2017.06.10"]
[EventType "swiss"]
[EventRounds "7"]
[EventCountry "GER"]
[SourceTitle "EXT 2022"]
[Source "ChessBase"]
[SourceDate "2021.10.06"]
[SourceVersion "1"]
[SourceVersionDate "2021.10.06"]
[SourceQuality "1"]

1. d4 Nf6 2. Bf4 c5 3. e3 cxd4 4. exd4 Nc6 5. Nf3 d5 6. Be2 Qb6 7. b3 Bg4 8. 0-0 Bxf3 9. Bxf3 Qxd4 10. Qxd4 Nxd4 11. Bd1 Rc8 12. c3 Nc6 13. Bf3 e5 14. Re1 e4 15. Be2 Be7 16. f3 0-0 17. fxe4 dxe4 18. Nd2 Nd5 0-1

[Event "Daehne Cup Region 17/18 Vorrunde I+"]
[Site "Bissendorf"]
[Date "2017.08.25"]
[Round "2"]
[White "Zweigait, Bjoern"]
[Black "Glaschak, Joachim"]
[Result "1-0"]
[WhiteElo "1694"]
[BlackElo "1371"]
[PlyCount "61"]
[EventDate "2017.08.??"]
[EventType "swiss"]
[EventCountry "GER"]
[SourceTitle "EXT 2022"]
[Source "ChessBase"]
[SourceDate "2021.10.06"]
[SourceVersion "1"]
[SourceVersionDate "2021.10.06"]
[SourceQuality "1"]

1. e4 c6 2. d4 d5 3. e5 Bf5 4. c4 e6 5. Nc3 Bb4 6. Nf3 Nd7 7. Bd3 Bxd3 8. Qxd3 Ne7 9. 0-0 h6 10. Nh4 Nf8 11. f4 g6 12. Bd2 Nf5 13. Nxf5 gxf5 14. cxd5 Bxc3 15. bxc3 Qxd5 16. c4 Qd7 17. Rfd1 0-0-0 18. Be3 Kb8 19. Qa3 b6 20. Rab1 Qb7 21. Rd2 Nd7 22. Rdb2 Rhg8 23. Qe7 Rgf8 24. a4 Rde8 25. Qa3 Kc7 26. Qd6+ Kd8 27. a5 Qc7 28. Qa3 c5 29. axb6 Nxb6 30. dxc5 Nxc4 31. Qd3+ 1-0

[Event "Daehne Cup Region 16/17 qual V+"]
[Site "Hannover"]
[Date "2017.07.06"]
[Round "2"]
[White "Glaschak, Joachim"]
[Black "Boehme, Luca"]
[Result "1-0"]
[WhiteElo "1302"]
[BlackElo "1009"]
[PlyCount "63"]
[EventDate "2017.07.13"]
[EventType "swiss"]
[EventRounds "5"]
[EventCountry "GER"]
[SourceTitle "EXT 2022"]
[Source "ChessBase"]
[SourceDate "2021.10.06"]
[SourceVersion "1"]
[SourceVersionDate "2021.10.06"]
[SourceQuality "1"]

1. d4 g6 2. c4 Bg7 3. Nf3 Nf6 4. Nc3 0-0 5. e4 d6 6. h3 Nc6 7. d5 Nb8 8. Bd3 c6 9. 0-0 Bd7 10. Qc2 e5 11. b4 a6 12. Be3 b5 13. dxc6 Nxc6 14. a3 bxc4 15. Bxc4 Be6 16. Qe2 Qc8 17. Nd5 Qd8 18. Nxf6+ Qxf6 19. Bg5 Qf4 20. Bxf4 exf4 21. Rad1 Bxc4 22. Qxc4 Ne7 23. Rxd6 Nc8 24. Rxa6 Rxa6 25. Qxa6 Ne7 26. Rd1 Rc8 27. Qb7 Bf8 28. Ne5 f6 29. Nd7 f5 30. exf5 Nxf5 31. Nf6+ Kh8 32. Qxh7# 1-0

[Event "Hannover Bezirks op"]
[Site "Hannover"]
[Date "2017.05.20"]
[Round "7.10"]
[White "Frese, Immo"]
[Black "Glaschak, Joachim"]
[Result "1-0"]
[WhiteElo "1788"]
[BlackElo "1397"]
[PlyCount "55"]
[EventDate "2017.01.21"]
[EventType "swiss"]
[EventRounds "7"]
[EventCountry "GER"]
[SourceTitle "EXT 2022"]
[Source "ChessBase"]
[SourceDate "2021.10.06"]
[SourceVersion "1"]
[SourceVersionDate "2021.10.06"]
[SourceQuality "1"]

1. d4 d5 2. c4 e6 3. Nf3 Nf6 4. Nc3 b6 5. cxd5 exd5 6. Bf4 Bd6 7. Bxd6 Qxd6 8. e3 0-0 9. Bd3 Ba6 10. 0-0 Bxd3 11. Qxd3 c6 12. Rac1 Nbd7 13. Rc2 Qe7 14. Rfc1 Rfc8 15. Ng5 h6 16. Nxd5 Qd6 17. Nxf6+ Nxf6 18. Ne4 Qe6 19. Nxf6+ Qxf6 20. Qe4 c5 21. dxc5 Re8 22. Qb4 bxc5 23. Rxc5 Rab8 24. Rb5 Rbd8 25. Rb7 a5 26. Qxa5 Qd6 27. g3 Re5 28. Qc7 1-0

[Event "Daehne Cup Region 16/17 qual II+"]
[Site "Bissendorf"]
[Date "2017.05.13"]
[Round "3"]
[White "Burger, Jarl"]
[Black "Glaschak, Joachim"]
[Result "0-1"]
[WhiteElo "1270"]
[BlackElo "1334"]
[PlyCount "78"]
[EventDate "2017.05.12"]
[EventType "swiss"]
[EventCountry "GER"]
[SourceTitle "EXT 2022"]
[Source "ChessBase"]
[SourceDate "2021.10.06"]
[SourceVersion "1"]
[SourceVersionDate "2021.10.06"]
[SourceQuality "1"]

1. e4 c6 2. d4 d5 3. exd5 cxd5 4. Nc3 Nf6 5. Bf4 e6 6. Nf3 a6 7. Bd3 Bd6 8. Bg3 Bxg3 9. hxg3 Bd7 10. Ne5 Qb6 11. Ne2 Bb5 12. Bxb5+ Qxb5 13. b3 Qa5+ 14. c3 Qc7 15. Qc2 Nbd7 16. Nxd7 Qxd7 17. 0-0-0 h6 18. Rh3 g5 19. Rdh1 h5 20. g4 h4 21. f3 0-0-0 22. g3 Rh7 23. gxh4 Rdh8 24. h5 Qd6 25. Qd2 Rg8 26. Qe3 Nd7 27. Rg3 Rh6 28. Rf1 f5 29. gxf5 Rxh5 30. fxe6 Nf6 31. f4 g4 32. f5 Rh2 33. Rfg1 Qe7 34. R3g2 Rgh8 35. Nf4 Rxg2 36. Rxg2 Qa3+ 37. Kb1 Rh1+ 38. Rg1 Rh2 39. Qc1 Qxa2# 0-1

[Event "Hannover Ihme Cup"]
[Site "Hannover"]
[Date "2017.04.30"]
[Round "5.25"]
[White "Frese, Immo"]
[Black "Glaschak, Joachim"]
[Result "1-0"]
[WhiteElo "1776"]
[BlackElo "1406"]
[PlyCount "63"]
[EventDate "2017.04.28"]
[EventType "swiss"]
[EventRounds "5"]
[EventCountry "GER"]
[SourceTitle "EXT 2022"]
[Source "ChessBase"]
[SourceDate "2021.10.06"]
[SourceVersion "1"]
[SourceVersionDate "2021.10.06"]
[SourceQuality "1"]

1. e4 c6 2. d4 d5 3. Nc3 dxe4 4. Nxe4 Nd7 5. Nf3 Ngf6 6. Ng3 e6 7. Bd3 Bd6 8. 0-0 0-0 9. Re1 Re8 10. c4 c5 11. b3 cxd4 12. Nxd4 a6 13. Bb2 Bc5 14. Qe2 Nf8 15. Nf3 Bd7 16. Rad1 Bb4 17. Rf1 Qe7 18. Ne5 Bc8 19. Ne4 N8d7 20. Nxf6+ Nxf6 21. Bc2 Ba3 22. Ba1 Bd6 23. Rd3 Qc7 24. Rfd1 Rd8 25. Qe3 b6 26. Nf3 Bb7 27. Bxf6 gxf6 28. Qh6 Bxf3 29. Rxf3 f5 30. Rxd6 Qxd6 31. Rg3+ Qxg3 32. hxg3 1-0